000 00304nam a2200121 a 4500
005 20141022142002.0
008 080930s19uu xx 00 eng d
050 _aAVM
245 _aInternational entrepreneurship 3-5.
650 _aVCD.
650 _aInternational entrepreneurship 3-5.
942 _cAVM
999 _c276312
_d276312